| 000 | 01857cam a2200397 i 4500 | ||
|---|---|---|---|
| 001 | EDZ0001002575 | ||
| 003 | StDuBDS | ||
| 005 | 20161031105258.0 | ||
| 006 | m||||||||d|||||||| | ||
| 007 | cr ||||||||||| | ||
| 008 | 141217s2014 cau fo 000|0|eng|d | ||
| 020 |
_a9781473915350 (ebook) : _cNo price |
||
| 040 |
_aStDuBDS _beng _cStDuBDS _erda _epn |
||
| 049 | _aAlfaisal Main Library | ||
| 050 | 4 | _aRJ134 | |
| 082 | 0 | 4 |
_a155.422 _223 |
| 245 | 0 | 0 |
_aPsychology of infancy / _cedited by J. Gavin Bremner & Alan M. Slater. |
| 264 | 1 |
_aThousand Oaks, California : _bSAGE Publications, _c2014. |
|
| 300 | _a1 online resource. | ||
| 336 |
_atext _2rdacontent |
||
| 337 |
_acomputer _2rdamedia |
||
| 338 |
_aonline resource _2rdacarrier |
||
| 490 | 1 | _aSAGE library in developmental psychology | |
| 520 | 8 | _aThis title brings together influential works which explore the key conceptual issues and findings in research on infant development. With a strong focus on the contemporary research and ideas around the topic, it also contains classic papers which have made important contributions to current images of infancy. The result is a comprehensive research tool which provides a historical account of infancy research, as well as an overview of the current state of play in the field. | |
| 521 | _aSpecialized. | ||
| 588 | _aDescription based on online resource; title from home page (viewed on November 17, 2015). | ||
| 650 | 0 |
_aInfants _xDevelopment. |
|
| 655 | 7 |
_aElectronic books. _2local |
|
| 700 | 1 |
_aBremner, J. Gavin, _d1949- _eeditor. |
|
| 700 | 1 |
_aSlater, Alan, _eeditor. |
|
| 710 | 2 | _aSage eBooks | |
| 776 | 0 | 8 |
_iPrint version : _z9781446267172 |
| 830 | 0 | _aSAGE library in developmental psychology. | |
| 856 | 4 | 0 | _uhttp://ezproxy.alfaisal.edu/login?url=http://sk.sagepub.com/navigator/psychology-of-infancy |
| 942 |
_2lcc _cEBOOKS |
||
| 999 |
_c483358 _d483358 |
||